Pósta késedelem a Garamon

Podrobná bibliografia
Médium: Článok
Jazyk:Hungarian
Témy:
Zdroj: 1. Rozsnyói Hiradó 1. Roč. 27, č. 21 (22.05.1904) s. 3
LEADER 00759nab#a2200289#ar4500
001 000061021
003 SVKKK
005 19951207xxxxxxx.
008 06 c xo huno
FMT
038 |a SVKKK 
040 |a SVKKK  |b slo  |e AACR2 
041 0 |a hun 
044 |a xo  |c SK 
080 |a 656.2:656.8 
242 1 0 |a Meškanie poštových zásielok na Pohroní 
245 0 0 |a Pósta késedelem a Garamon 
650 0 4 |a pošta - doprava železničná - Pohronie - Muránska dolina - meškanie - máj 1904 - kritiky 
773 0 |t Rozsnyói Hiradó  |g Roč. 27, č. 21 (22.05.1904) s. 3 
957 |a Muráňska dolina 
957 |a Pohronie 
958 |a DG 
958 |a SK 
974 |a ebl  |d 19951207 
992 |a RBX 
BAS
998 |a RETRO